Biggest Cities on the West Coast of the Americas - Statistics

General Stats
  • This quiz has been taken 116 times
  • The average score is 8 of 10
Answer Stats
Population City % Correct
13,340,068 Los Angeles
100%
4,656,132 San Francisco
96%
3,299,521 San Diego
92%
3,733,580 Seattle
92%
9,904,727 Lima
82%
1,998,463 San Jose
77%
2,463,431 Vancouver
77%
2,157,853 Tijuana
58%
1,860,000 Panama City
53%
2,952,159 Guayaquil
45%
No matching quizzes found
Score Distribution
Percent of People with Each Score
Percentile by Number Answered
Your Score History
You have not taken this quiz